Études sur la vie érémitique en France de la contre-réforme à la restauration
| Main Author: | |
|---|---|
| Format: | Print Book |
| Language: | French |
| Subito Delivery Service: | Order now. |
| Check availability: | HBZ Gateway |
| WorldCat: | WorldCat |
| Interlibrary Loan: | Interlibrary Loan for the Fachinformationsdienste (Specialized Information Services in Germany) |
| Published: |
1974
|
| In: | Year: 1974 |
| Further subjects: | B
Hermit
B Monasticism B Thesis |
MARC
| LEADER | 00000cam a2200000 c 4500 | ||
|---|---|---|---|
| 001 | 1103223119 | ||
| 003 | DE-627 | ||
| 005 | 20240430193155.0 | ||
| 007 | tu | ||
| 008 | 930507s1974 xx ||||| m 00| ||fre c | ||
| 035 | |a (DE-627)1103223119 | ||
| 035 | |a (DE-576)033223114 | ||
| 035 | |a (DE-599)BSZ033223114 | ||
| 035 | |a (OCoLC)312067663 | ||
| 040 | |a DE-627 |b ger |c DE-627 |e rakwb | ||
| 041 | |a fre | ||
| 084 | |a 1 |2 ssgn | ||
| 100 | 1 | |a Sainsaulieu, Jean |4 aut | |
| 245 | 1 | 0 | |a Études sur la vie érémitique en France de la contre-réforme à la restauration |c Jean Sainsaulieu |
| 264 | 1 | |c 1974 | |
| 300 | |a getr. Pag. | ||
| 336 | |a Text |b txt |2 rdacontent | ||
| 337 | |a ohne Hilfsmittel zu benutzen |b n |2 rdamedia | ||
| 338 | |a Band |b nc |2 rdacarrier | ||
| 502 | |a Paris, Univ., Diss., 1973 | ||
| 583 | 1 | |a Archivierung prüfen |c 20200919 |f DE-640 |z 3 |2 pdager | |
| 583 | 1 | |a Archivierung/Langzeitarchivierung gewährleistet |f SSG |x XA-DE-BW |2 pdager |5 DE-21 | |
| 601 | |a Restauration | ||
| 650 | 0 | 7 | |0 (DE-588)4074927-7 |0 (DE-627)106087940 |0 (DE-576)209195762 |a Mönchtum |2 gnd |
| 650 | 0 | 7 | |0 (DE-588)4134546-0 |0 (DE-627)105671770 |0 (DE-576)209653213 |a Einsiedler |2 gnd |
| 655 | 7 | |a Hochschulschrift |0 (DE-588)4113937-9 |0 (DE-627)105825778 |0 (DE-576)209480580 |2 gnd-content | |
| 751 | |a Paris |0 (DE-588)4044660-8 |0 (DE-627)106204734 |0 (DE-576)209061790 |4 uvp | ||
| 935 | |a mteo | ||
| 951 | |a BO | ||
| ELC | |b 1 | ||
| ITA | |a 1 |t 1 | ||
| LOK | |0 000 xxxxxcx a22 zn 4500 | ||
| LOK | |0 001 2206619822 | ||
| LOK | |0 003 DE-627 | ||
| LOK | |0 004 1103223119 | ||
| LOK | |0 005 20091217123414 | ||
| LOK | |0 008 030917||||||||||||||||ger||||||| | ||
| LOK | |0 040 |a DE-21 |c DE-627 |d DE-21 | ||
| LOK | |0 852 |a DE-21 | ||
| LOK | |0 852 1 |c US 75.1806 |9 00 | ||
| LOK | |0 935 |a pro7 |a konv |a theo |a sepp | ||
| LOK | |0 939 |a 17-09-03 |b l01 | ||
| ORI | |a SA-MARC-ixtheoa001.raw | ||
| STA | 0 | 0 | |a Hermit,Hermit,Anchorite,Hermits,Hermits in art,Recluses in literature,Monasticism,Monasticism |
| STB | 0 | 0 | |a Ermite,Ermite,Ermites,Monachisme,Monachisme,Ordres monastiques et religieux |
| STC | 0 | 0 | |a Eremita,Eremita,Monaquismo,Monaquismo |
| STD | 0 | 0 | |a Eremita,Eremita,Monachesimo,Monachesimo |
| STE | 0 | 0 | |a 修行制度,修行制度,修道院生活,修道院制度,修道院生活,修道院制度,隐士,隐士,隐居者,隐居者 |
| STF | 0 | 0 | |a 修行制度,修行制度,修道院生活,修道院制度,修道院生活,修道院制度,隱士,隱士,隱居者,隱居者 |
| STG | 0 | 0 | |a Eremita,Eremita,Monaquismo,Monaquismo |
| STH | 0 | 0 | |a Монашество (мотив),Монашество,Отшельник (мотив),Отшельник |
| STI | 0 | 0 | |a Ερημίτης (μοτίβο),Ερημίτης,Ερημίτες,Μοναχισμός (μοτίβο),Μοναχισμός |
| SYE | 0 | 0 | |a Mönchstum , Anachoret,Eremit,Klausner |